00651nam a22001097a 4500040000800000082002700008100005200035245031700087260002700404300002300431856008700454 cRUA aAGR NEA 2017 B646 Or.1 aNEANG BUNTHOUEN នាង ប៊ុនធឿន acomparison of celery cabbage varieties ( Brassica compestris L.) in crop station at royal university of agriculture ការប្រៀបធៀបពូជដំណាំស្ពៃចង្កិះនៅស្ថាន៍ដំណាំ សាលវិទ្យាល័យភូមិកសិកម្ម aRUAbPhnom penh c2017 aix;24pbill;c29cm uhttps://drive.google.com/file/d/1lmrtcZNcZMKSzgyHc4QtRh-IMaXxadWa/view?usp=sharing